000 01709nam a2200337 c 4500
003 BLK
005 20180420224813.0
008 180408b bul|||||r ||||||| ||bul||
010 _aKNG00088768000
020 _a978-954-09-0123-7
_bиздат.: Захарий Стоянов - на том(т.3)
040 _aBLK
041 _aBUL
_cBUL
080 _aБългарска литература
_b821.163.2
_x(081)
_z821.163.2(081)
080 _aДраматични театри. Театри за драма и комедия. Вж и 82-2
_b792.2
_x
_z792.2
080 _aБългарска литература
_b821.163.2
_x-8
_z821.163.2-8
100 1 _aЦанков, Вили Христов
_eпърви автор
_9274049
139 _aЦанков, Вили Христов
_bЦ 17
245 1 0 _aСъчинения
_bВ 5 т.
_cВили Христов Цанков.
_nТ. 3
_pСедемте небеса
257 _aBGR
260 София
_c2008
_fСофия : Д. Благоев
300 _c24 см
380 _aX
490 1 _aПоредица Мелпомена
505 _g
_r
_tГорящият ангел
760 1 _3- на том(т.3)
_aЦанков, Вили Христов
_dЗахарий Стоянов, 2008
_h288 с.
_nСъдържа и Ако имаш хиляди хитони ; Пророк Иеремия ; Плуто; Прощално / Юлия Огнянова; Кратко за богатството, че го познавах / Панчо Панчев
_tТ. 3 Седемте небеса
852 _aЦб 243557
856 4 _qpdf
_u
856 4 _qpdf
_u
942 _cKNG
_n0
944 _aCR
_c07.04.2009
_kМилена_Ачева
944 _aED
_c23.07.2015
_kПенка_Димитрова
999 _c84201
_d84201